000 00631cam a2200193 4500500
005 20260405003933.0
041 _afre
042 _adc
100 1 0 _aManzini, Frédéric
_eauthor
245 0 0 _a“L’Esprit vivant de la nature”, de Frédéric Nef : explorer l’âme du monde
260 _c2025.
500 _a68
690 _aFrédéric Nef
690 _aNature
690 _aPhénoménologie
690 _aVivant
786 0 _nPhilosophie magazine | 191 | 7 | 2025-07-01 | p. 158-158 | 1951-1787
856 4 1 _uhttps://shs.cairn.info/magazine-philosophie-magazine-2025-7-page-158?lang=fr&redirect-ssocas=7080
999 _c2072275
_d2072275